Κατάλογος Βιβλιοθηκών Mediterranean College

Computational Study of Liquid Natural Gas Filtration Components in Regard to Fluid Flow Performance/Final Dissertation Report of the Independent Study and Professional Development Module (Record no. 8508)

MARC details
000 -LEADER
fixed length control field 01347cam a22001934a 4500
005 - ΗΜΕΡΟΜΗΝΙΑ ΚΑΙ ΩΡΑ ΤΕΛΕΥΤΑΙΑΣ ΕΝΗΜΕΡΩΣΗΣ
Πεδίο ελέγχου 20250605164338.0
008 - FIXED-LENGTH DATA ELEMENTS--GENERAL INFORMATION
Πεδίο ελέγχου σταθερού μήκους 250528s ||||||||||||||||||||||||d
035 ## - SYSTEM CONTROL NUMBER
System control number 23498
040 ## - ΠΗΓΗ ΚΑΤΑΛΟΓΟΓΡΑΦΗΣΗΣ
Φορέας πρωτότυπης καταλογογράφησης MC Athens Campus Library
Γλώσσα καταλογογράφησης Ελληνικά, Μοντέρνα (1453-)
Modifying agency MC Athens Campus Library
Κανόνες περιγραφικής καταλογογράφησης AACR2
245 1# - ΤΙΤΛΟΣ ΚΑΙ ΔΗΛΩΣΗ ΥΠΕΥΘΥΝΟΤΗΤΑΣ
Τίτλος Computational Study of Liquid Natural Gas Filtration Components in Regard to Fluid Flow Performance/Final Dissertation Report of the Independent Study and Professional Development Module
260 ## - PUBLICATION, DISTRIBUTION, ETC.
Date of publication, distribution, etc. 2017
300 ## - PHYSICAL DESCRIPTION
Extent 71
520 ## - SUMMARY, ETC.
Summary, etc. Summary Report, Background Research, Acknowledgements, Aims and Objectives, Fluid Kinematics, Boundary Layers, Flow Separation, Minor Head Loss, Flow Visualization, Computational Fluid Dynamics, The Concept of C.F.D., Systemic and Control Volume Descriptions, Lagrangian and Eulerian Descriptions, The Reynolds Transport Theorem, Governing Equations of CFD, Use of CFD Software, Basket Strainers, History and Applications, Strainer Mesh, Manufacturer Testing and Specifications, Liquid Natural Gas, Initial Component Study, Protype Design, Numerical Calculations, CFD Evaluation, Result Evaluation, Optimization Study, Optimized Design Intent, Final Evaluation, Conclusion, Further Work, References, Bibliography, Appendices.
700 1# - ΠΡΟΣΘΕΤΗ ΑΝΑΓΡΑΦΗ--ΦΥΣΙΚΟ ΠΡΟΣΩΠΟ
Personal name Karavatellis Evangelos
9 (RLIN) 9071
700 1# - ΠΡΟΣΘΕΤΗ ΑΝΑΓΡΑΦΗ--ΦΥΣΙΚΟ ΠΡΟΣΩΠΟ
Personal name Panagiotopoulos Ilias
9 (RLIN) 9072
942 ## - ADDED ENTRY ELEMENTS (KOHA)
Koha item type Διπλωματική εργασία
Holdings
Τύπος τεκμηρίου Βιβλιοθήκη Τρέχουσα τοποθεσία Barcode Ημερομηνία απόκτησης Ταξιθετικό σύμβολο Αριθμός αντιτύπου Κατάσταση απόσυρσης Κατάσταση χαμένου Κατάσταση κατεστραμμένου Μη δανεισμός Σύνολο δανεισμών Ημερομηνία τελευταίας εμφάνισης Η τιμή ισχύει από
Διπλωματική εργασία MC Athens Campus Library MC Athens Campus Library 9780000085078 05/06/2025 ENG 2017 (21) 1           05/06/2025 05/06/2025

MC Athens Campus Library
Πατησίων 94 & Κοδριγκτώνος 13, 104 34
Πελλήνης 8 & Πατησίων 107, 112 51
Τ: +30 210 8899600

MC Thessaloniki Campus Library
Ίωνος Δραγούμη 21, 54625 | Ίωνος Δραγούμη 15, 54625
Τ: +30 2310 287779 – Τ: +30 2314 440300